[Event "NAYCC U12"]
[Site "Montreal CAN"]
[Date "2010.08.18"]
[Round "5"]
[White "Song, Terry"]
[Black "Williams, Justus"]
[Result "0-1"]
[WhiteElo "1902"]
[BlackElo "2167"]
[PlyCount "128"]
[EventDate "2010.08.16"]
[EventType "swiss"]
[EventRounds "7"]
[EventCountry "CAN"]

1. d4 Nf6 2. Bg5 d5 3. Nf3 Ne4 4. Bf4 c5 5. e3 Qb6 6. b3 cxd4 7. Qxd4 Qxd4 8.
exd4 Nc6 9. Nbd2 a6 10. Bd3 Nf6 11. c4 h6 12. h4 Be6 13. Ke2 Rd8 14. c5 Bg4 15.
Ke3 g6 16. Ne5 Nxe5 17. Bxe5 Bg7 18. f3 Bd7 19. g4 Bc6 20. h5 g5 21. b4 O-O 22.
Kf2 Ne8 23. Rhe1 f6 24. Bg3 f5 25. Be5 fxg4 26. Bxg7 Nxg7 27. Bg6 e6 28. Kg2
Rf4 29. fxg4 Rxg4+ 30. Kh3 Rxd4 31. Nf3 g4+ 32. Kg3 gxf3 33. Kxf3 Rf8+ 34. Kg2
Rxb4 35. Rf1 Rb2+ 36. Kg3 Nf5+ 37. Bxf5 Rxf5 38. Rxf5 exf5 39. Rf1 Rxa2 40.
Rxf5 Ra3+ 41. Kf2 Rc3 42. Rf6 Kg7 43. Rg6+ Kh7 44. Re6 Rxc5 45. Re7+ Kg8 46.
Re6 Kg7 47. Re7+ Kf6 48. Rh7 Kg5 49. Rg7+ Kxh5 50. Rg1 d4 51. Rd1 Rd5 52. Rh1+
Kg6 53. Rg1+ Kh7 54. Ke2 d3+ 55. Kd2 a5 56. Ra1 a4 57. Rb1 h5 58. Rb4 Kh6 59.
Rc4 Kg5 60. Re4 h4 61. Re3 a3 62. Re1 h3 63. Ra1 Ra5 64. Kxd3 h2 0-1

[Event "NAYCC U12"]
[Site "Montreal CAN"]
[Date "2010.08.18"]
[Round "5"]
[White "Zhu, Hong Rui"]
[Black "Chen, Peter"]
[Result "1-0"]
[WhiteElo "1706"]
[BlackElo "1872"]
[PlyCount "143"]
[EventDate "2010.08.16"]
[EventType "swiss"]
[EventRounds "7"]
[EventCountry "CAN"]

1. e4 e5 2. Nf3 Nc6 3. Bb5 a6 4. Ba4 Nf6 5. O-O Nxe4 6. d4 b5 7. Bb3 d5 8. dxe5
Be6 9. c3 Be7 10. Be3 O-O 11. h3 Nc5 12. Bc2 Re8 13. Nbd2 Nd7 14. Bf4 Na5 15.
Nb3 Nxb3 16. axb3 c5 17. Qd2 Nf8 18. Rfe1 Qd7 19. Bg3 Ng6 20. h4 Bg4 21. Ng5 h6
22. e6 fxe6 23. Bxg6 hxg5 24. Bxe8 Rxe8 25. hxg5 Qc6 26. Qf4 Bf5 27. Qc7 Qxc7
28. Bxc7 Ra8 29. Bf4 Kf7 30. Re2 a5 31. f3 Ra6 32. Kf2 a4 33. bxa4 Rxa4 34.
Rxa4 bxa4 35. Bc1 Bd3 36. Re3 c4 37. Re1 g6 38. Rh1 Kg7 39. Be3 a3 40. bxa3
Bxa3 41. Bd4+ Kg8 42. Rh8+ Kf7 43. Rh7+ Kf8 44. Rc7 Bd6 45. Bc5 Bxc5+ 46. Rxc5
Ke7 47. f4 Be4 48. g3 e5 49. Ke3 exf4+ 50. gxf4 Ke6 51. Rc6+ Kf5 52. Rc7 Bd3
53. Rf7+ Kg4 54. Re7 Bf1 55. Re6 Bd3 56. Re5 Kg3 57. Rxd5 Kg4 58. Rd6 Bf5 59.
Rf6 Bd3 60. Kd4 Bf1 61. Rxg6 Kxf4 62. Rf6+ Kxg5 63. Rxf1 Kg4 64. Ke3 Kg5 65.
Ke4 Kg4 66. Rf5 Kg3 67. Rf4 Kg2 68. Rf3 Kg1 69. Kf4 Kh1 70. Kg3 Kg1 71. Rf2 Kh1
72. Rf1# 1-0

[Event "NAYCC U12"]
[Site "Montreal CAN"]
[Date "2010.08.18"]
[Round "6"]
[White "Chen, Michael"]
[Black "Zhu, Hong Rui"]
[Result "0-1"]
[WhiteElo "2015"]
[BlackElo "1706"]
[PlyCount "76"]
[EventDate "2010.08.16"]
[EventType "swiss"]
[EventRounds "7"]
[EventCountry "CAN"]

1. e4 c5 2. Nf3 d6 3. d4 cxd4 4. Nxd4 Nf6 5. Nc3 g6 6. Be3 Bg7 7. f3 Nc6 8. Qd2
O-O 9. O-O-O d5 10. Nxc6 bxc6 11. exd5 cxd5 12. Nxd5 Nxd5 13. Qxd5 Qc7 14. Qc5
Qb7 15. Qa3 Be6 16. Bd3 Rab8 17. c3 Bd5 18. Rd2 a5 19. Rhd1 e6 20. Rc2 Rfc8 21.
Bd2 a4 22. Qxa4 Ra8 23. Qb5 Rxa2 24. Bg5 Qxb5 25. Bxb5 Bb3 26. Rd8+ Rxd8 27.
Bxd8 Ra1+ 28. Kd2 Bh6+ 29. Ke2 Bxc2 30. c4 Rb1 31. Bf6 Bg7 32. Bxg7 Kxg7 33.
Kd2 Rxb2 34. Kc3 Ra2 35. c5 Ba4 36. Bxa4 Rxa4 37. Kb3 Rd4 38. Kc3 e5 0-1

[Event "NAYCC U12"]
[Site "Montreal CAN"]
[Date "2010.08.18"]
[Round "6"]
[White "Chen, Peter"]
[Black "Song, Edward"]
[Result "1/2-1/2"]
[WhiteElo "1872"]
[BlackElo "1850"]
[PlyCount "99"]
[EventDate "2010.08.16"]
[EventType "swiss"]
[EventRounds "7"]
[EventCountry "CAN"]

1. e4 c5 2. Nf3 d6 3. d4 cxd4 4. Nxd4 Nf6 5. Nc3 a6 6. Be3 e5 7. Nf3 Nc6 8. Bc4
Be7 9. Nd5 Nxd5 10. Bxd5 O-O 11. O-O h6 12. Qe2 Nb4 13. Bb3 Qc7 14. Qd2 Nc6 15.
Rfd1 Bg4 16. Kh1 Rad8 17. Bxh6 Nd4 18. Nxd4 exd4 19. f3 Be6 20. Bf4 Bf6 21. Bg3
Bxb3 22. axb3 Rc8 23. Rac1 Qc5 24. Bf2 d5 25. Bxd4 Bxd4 26. Qxd4 Qxd4 27. Rxd4
dxe4 28. Rxe4 Rfe8 29. Kg1 Rxe4 30. fxe4 Rd8 31. Kf2 Rd2+ 32. Kf3 Kf8 33. h3
Ke7 34. g4 Ke6 35. h4 Ke5 36. h5 f6 37. b4 Rd4 38. c3 Rd3+ 39. Kf2 Kf4 40. Ke2
Kxe4 41. Rg1 Rh3 42. g5 Rxh5 43. gxf6 gxf6 44. Rg4+ Kd5 45. c4+ Kc6 46. Rg6 Rf5
47. Ke3 Kd6 48. Rg7 Kc6 49. Rg6 Kd6 50. Rg7 1/2-1/2

[Event "NAYCC U12"]
[Site "Montreal CAN"]
[Date "2010.08.18"]
[Round "6"]
[White "Cormier, Jonathan"]
[Black "Fay, Zachary"]
[Result "1-0"]
[WhiteElo "900"]
[BlackElo "969"]
[PlyCount "49"]
[EventDate "2010.08.16"]
[EventType "swiss"]
[EventRounds "7"]
[EventCountry "CAN"]

1. e4 e5 2. f4 d6 3. Nf3 Nc6 4. Bb5 Bd7 5. d4 f6 6. Bd2 Nge7 7. d5 Nb8 8. Qe2
c6 9. Bc4 cxd5 10. exd5 f5 11. fxe5 Qb6 12. Bc3 Kd8 13. e6 Bc8 14. Ng5 Ke8 15.
Bb5+ Bd7 16. Bxd7+ Nxd7 17. exd7+ Kxd7 18. Qe6+ Ke8 19. Nf7 Rg8 20. Nxd6+ Kd8
21. Na3 Kc7 22. Nac4 Qc5 23. O-O-O Qxc4 24. Nxc4 Rd8 25. d6+ 1-0

[Event "NAYCC U12"]
[Site "Montreal CAN"]
[Date "2010.08.18"]
[Round "6"]
[White "Harris, Gabriel"]
[Black "Boudreault, Laurent"]
[Result "1-0"]
[WhiteElo "1077"]
[BlackElo "698"]
[PlyCount "63"]
[EventDate "2010.08.16"]
[EventType "swiss"]
[EventRounds "7"]
[EventCountry "CAN"]

1. Nf3 d5 2. g3 Nc6 3. Bg2 Nf6 4. O-O e5 5. d3 Bd6 6. a3 Be6 7. b4 O-O 8. Bb2
Bg4 9. Nbd2 Qd7 10. Re1 Bh3 11. Bh1 Bg4 12. c4 d4 13. c5 Be7 14. b5 Na5 15.
Nxe5 Qf5 16. Nxg4 Nxg4 17. c6 bxc6 18. bxc6 Qh5 19. h4 Bxh4 20. Nf3 Bxg3 21.
fxg3 Rfe8 22. Bxd4 Nxc6 23. Qa4 Nce5 24. Nh4 g5 25. Bxa8 gxh4 26. Qxe8+ Kg7 27.
gxh4 Qxh4 28. Bxe5+ Kg6 29. Be4+ Kg5 30. Qg8+ Kh5 31. Qxf7+ Kg5 32. Bf4# 1-0

[Event "NAYCC U12"]
[Site "Montreal CAN"]
[Date "2010.08.18"]
[Round "6"]
[White "Kubrynski, Simon"]
[Black "Liu, Yu Qing"]
[Result "0-1"]
[WhiteElo "962"]
[BlackElo "1113"]
[PlyCount "124"]
[EventDate "2010.08.16"]
[EventType "swiss"]
[EventRounds "7"]
[EventCountry "CAN"]

1. e4 c6 2. Nf3 d5 3. exd5 cxd5 4. Bb5+ Bd7 5. Bxd7+ Nxd7 6. O-O e5 7. Nc3 Ngf6
8. d4 e4 9. Ne5 Bd6 10. Nxd7 Qxd7 11. Bg5 Be7 12. Re1 O-O 13. Qe2 h6 14. Bxf6
Bxf6 15. Rad1 Rad8 16. Nb5 a6 17. Na3 Qa4 18. c4 dxc4 19. Qxc4 Qxc4 20. Nxc4 b5
21. Na5 Rxd4 22. Rxd4 Bxd4 23. b3 Bc3 24. Rxe4 Bxa5 25. h4 Rd8 26. a4 Rd1+ 27.
Kh2 Bc7+ 28. g3 bxa4 29. bxa4 Rd2 30. Kg2 Bb6 31. Rf4 g5 32. hxg5 hxg5 33. Rf6
Bd4 34. Rxa6 Rxf2+ 35. Kh3 f5 36. Rg6+ Kf7 37. Rxg5 Kf6 38. Rh5 Kg6 39. Rh4 Be5
40. a5 Rf3 41. Kg2 Rxg3+ 42. Kf2 Ra3 43. Rh1 Rxa5 44. Rg1+ Kf6 45. Kf3 Ra3+ 46.
Ke2 Bd4 47. Rd1 Ke5 48. Rd3 Rxd3 49. Kxd3 f4 50. Ke2 Ke4 51. Kd1 Ke3 52. Ke1
Bc3+ 53. Kf1 Kf3 54. Kg1 Ke2 55. Kh2 f3 56. Kg1 f2+ 57. Kh2 f1=Q 58. Kg3 Qf3+
59. Kh2 Qg4 60. Kh1 Bd4 61. Kh2 Kf2 62. Kh1 Qg2# 0-1

[Event "NAYCC U12"]
[Site "Montreal CAN"]
[Date "2010.08.18"]
[Round "6"]
[White "Kuttner, Simon"]
[Black "Gao, Ying Chen"]
[Result "1-0"]
[WhiteElo "1326"]
[BlackElo "1222"]
[PlyCount "77"]
[EventDate "2010.08.16"]
[EventType "swiss"]
[EventRounds "7"]
[EventCountry "CAN"]

1. e4 e5 2. Nf3 Nc6 3. Bc4 Bc5 4. Nc3 Nf6 5. d3 d6 6. Be3 Bb6 7. Qd2 Na5 8. Bb3
Nxb3 9. axb3 Be6 10. O-O O-O 11. Bxb6 axb6 12. Ra3 Rxa3 13. bxa3 d5 14. exd5
Nxd5 15. Nxe5 Qf6 16. Nxd5 Qxe5 17. Nc3 b5 18. Re1 Qc5 19. a4 bxa4 20. Nxa4 Qd6
21. Qe3 Qc6 22. Qc5 Qd7 23. Qe5 Qc6 24. Qc3 Qd6 25. Nc5 Qc6 26. Ne4 Qxc3 27.
Nxc3 c6 28. f3 Ra8 29. Na4 Kf8 30. Kf2 b5 31. Nc3 Ke7 32. Ke3 Kd6 33. Kd4 c5+
34. Ke3 b4 35. Na4 Re8 36. Kd2 Rd8 37. Re3 Kd5 38. Nb6+ Kd4 39. Re4# 1-0

[Event "NAYCC U12"]
[Site "Montreal CAN"]
[Date "2010.08.18"]
[Round "6"]
[White "Li, Yinshi"]
[Black "Berman, Jacob"]
[Result "0-1"]
[WhiteElo "1634"]
[BlackElo "1634"]
[PlyCount "70"]
[EventDate "2010.08.16"]
[EventType "swiss"]
[EventRounds "7"]
[EventCountry "CAN"]

1. d4 e6 2. c4 d5 3. Nc3 Nf6 4. cxd5 exd5 5. Bg5 Nbd7 6. Nxd5 Nxd5 7. Bxd8 Bb4+
8. Qd2 Bxd2+ 9. Kxd2 Kxd8 10. e4 N5f6 11. f3 Nb6 12. Bd3 Bd7 13. Ne2 Ke7 14.
Rac1 Rac8 15. g4 Rhd8 16. h4 Ne8 17. g5 Nd6 18. Ke3 Bb5 19. Bxb5 Nxb5 20. Rc5
c6 21. h5 Rd6 22. f4 Rcd8 23. Rd1 Nd7 24. Rc2 Nf8 25. f5 g6 26. hxg6 hxg6 27.
a4 Nc7 28. b4 gxf5 29. exf5 Nd5+ 30. Kf3 Nxb4 31. Rb2 a5 32. Rh1 Rd5 33. Kg4 b5
34. axb5 Nd3 35. f6+ Ke8 0-1

[Event "NAYCC U12"]
[Site "Montreal CAN"]
[Date "2010.08.18"]
[Round "6"]
[White "Lim, Michael"]
[Black "Baki, Shaumik"]
[Result "1-0"]
[WhiteElo "1537"]
[BlackElo "1210"]
[PlyCount "35"]
[EventDate "2010.08.16"]
[EventType "swiss"]
[EventRounds "7"]
[EventCountry "CAN"]

1. d4 d5 2. c4 e6 3. Nc3 Nf6 4. cxd5 exd5 5. Bg5 Bb4 6. e3 Bf5 7. Qb3 Bxc3+ 8.
bxc3 b6 9. Nf3 Be6 10. Rc1 O-O 11. c4 dxc4 12. Bxc4 Qd6 13. Bf4 Bxc4 14. Bxd6
Bxb3 15. Bxf8 Bxa2 16. Rxc7 Na6 17. Rc2 Nb4 18. Bxb4 1-0

[Event "NAYCC U12"]
[Site "Montreal CAN"]
[Date "2010.08.18"]
[Round "6"]
[White "Song, Michael"]
[Black "Song, Terry"]
[Result "1-0"]
[WhiteElo "1543"]
[BlackElo "939"]
[PlyCount "135"]
[EventDate "2010.08.16"]
[EventType "swiss"]
[EventRounds "7"]
[EventCountry "CAN"]

1. d4 Nf6 2. c4 c5 3. d5 b5 4. cxb5 a6 5. bxa6 g6 6. Nc3 Bxa6 7. g3 d6 8. Bg2
Bg7 9. Nf3 Nbd7 10. Rb1 O-O 11. O-O Nb6 12. a4 Bb7 13. e4 Qd7 14. b3 Rfb8 15.
Bd2 c4 16. a5 Rxa5 17. Na4 Ra6 18. Nxb6 Rxb6 19. bxc4 Rxb1 20. Qxb1 Qc7 21. Qc2
Nd7 22. Rb1 Nb6 23. c5 Nxd5 24. exd5 Bxd5 25. Rxb8+ Qxb8 26. cxd6 exd6 27. Ne1
Be6 28. Qc6 Bf8 29. Qa8 Qc7 30. Bh6 Qe7 31. Qxf8+ Qxf8 32. Bxf8 Kxf8 33. Nc2
Ke7 34. Kf1 f6 35. Ke2 Bd7 36. Ke3 f5 37. Kd4 Bc8 38. Nb4 h6 39. Kc4 g5 40. f4
Bd7 41. Nc6+ Ke6 42. Nd4+ Kf6 43. Kd5 gxf4 44. gxf4 Be8 45. Kxd6 Bh5 46. Bf3
Bg6 47. Nc6 Bh7 48. Ne7 Kf7 49. h4 Kf8 50. Ke6 Ke8 51. Kf6 Bg8 52. Nxg8 h5 53.
Kxf5 Kf8 54. Nf6 Kg7 55. Nxh5+ Kh8 56. Kg6 Kg8 57. f5 Kh8 58. f6 Kg8 59. f7+
Kf8 60. Be2 Ke7 61. Kg7 Ke6 62. f8=Q Ke5 63. Qf4+ Ke6 64. Bc4+ Kd7 65. Nf6+ Ke7
66. Qe5+ Kd8 67. Qd6+ Kc8 68. Ba6# 1-0

[Event "NAYCC U12"]
[Site "Montreal CAN"]
[Date "2010.08.18"]
[Round "6"]
[White "Williams, Justus"]
[Black "Colas, Joshua"]
[Result "1-0"]
[WhiteElo "2167"]
[BlackElo "2087"]
[PlyCount "119"]
[EventDate "2010.08.16"]
[EventType "swiss"]
[EventRounds "7"]
[EventCountry "CAN"]

1. Nf3 d5 2. c4 e6 3. g3 c5 4. d4 dxc4 5. Bg2 Nc6 6. O-O cxd4 7. Qa4 Nf6 8.
Nxd4 Qxd4 9. Bxc6+ Bd7 10. Bxd7+ Qxd7 11. Qxc4 Rc8 12. Qb3 Be7 13. Nc3 O-O 14.
Rd1 Qc6 15. Be3 b6 16. Rac1 Qb7 17. f3 Qb8 18. Kg2 Qb7 19. Kg1 h6 20. a4 Qb8
21. Nb5 Nd5 22. Bf2 Rfd8 23. e4 Rxc1 24. Rxc1 Nf6 25. Nd4 Bc5 26. Nc6 Bxf2+ 27.
Kxf2 Rd2+ 28. Ke3 Qd6 29. e5 Qd7 30. exf6 Rxh2 31. Ne7+ Kh7 32. Rc2 Qd1 33.
Qd3+ Qxd3+ 34. Kxd3 Rh3 35. Rg2 gxf6 36. Nc8 Rh5 37. b4 Rh1 38. Nxa7 Ra1 39.
Kc4 Rxa4 40. Nc8 Ra3 41. Nxb6 Rxf3 42. b5 Rf1 43. Rb2 e5 44. Na4 Ra1 45. Nc3
Rg1 46. b6 Rxg3 47. b7 Rg8 48. b8=Q Rxb8 49. Rxb8 f5 50. Rb5 f6 51. Kd3 Kg6 52.
Ke3 Kg5 53. Kf3 h5 54. Nd5 h4 55. Nf4 e4+ 56. Ke3 Kg4 57. Ra5 Kg5 58. Nh3+ Kg4
59. Nf2+ Kg5 60. Rb5 1-0

[Event "NAYCC U12"]
[Site "Montreal CAN"]
[Date "2010.08.19"]
[Round "7"]
[White "Baki, Shaumik"]
[Black "Lim, Victor"]
[Result "0-1"]
[WhiteElo "1210"]
[BlackElo "1110"]
[PlyCount "62"]
[EventDate "2010.08.16"]
[EventType "swiss"]
[EventRounds "7"]
[EventCountry "CAN"]

1. e4 c5 2. Nc3 d6 3. g3 Nf6 4. Bg2 g6 5. d3 Bg7 6. f4 e6 7. Nf3 O-O 8. O-O Nc6
9. h3 a6 10. Be3 b5 11. e5 Ne8 12. exd6 Qxd6 13. Ne4 Qc7 14. Bxc5 Ne7 15. c3 f5
16. Bxe7 Qxe7 17. Nf2 Bb7 18. Re1 h6 19. d4 Rd8 20. Nd3 Nf6 21. Nc5 Be4 22. Kh2
Rc8 23. Nxa6 Rfd8 24. Qb3 Qb7 25. Nc5 Rxc5 26. dxc5 Bxf3 27. Qxe6+ Kh7 28. c6
Rd2 29. cxb7 Rxg2+ 30. Kh1 Nh5 31. b8=Q Nxg3# 0-1

[Event "NAYCC U12"]
[Site "Montreal CAN"]
[Date "2010.08.19"]
[Round "7"]
[White "Berman, Jacob"]
[Black "Chen, Peter"]
[Result "0-1"]
[WhiteElo "1634"]
[BlackElo "1872"]
[PlyCount "58"]
[EventDate "2010.08.16"]
[EventType "swiss"]
[EventRounds "7"]
[EventCountry "CAN"]

1. d4 Nf6 2. c4 e6 3. Nc3 Bb4 4. Bg5 O-O 5. Nf3 c5 6. e3 h6 7. Bh4 d6 8. Qc2
Bxc3+ 9. bxc3 Nbd7 10. Bd3 e5 11. O-O Qc7 12. Rab1 Re8 13. Bf5 b6 14. Rfd1 Bb7
15. Bg3 Nf8 16. a4 g6 17. Bh3 Be4 18. Qb3 g5 19. dxe5 dxe5 20. Bxe5 Rxe5 21.
Nxe5 Bxb1 22. Nxf7 Qxf7 23. Qxb1 g4 24. Kh1 gxh3 25. Rg1 Qh7 26. gxh3+ Kh8 27.
Qb5 Qe4+ 28. Rg2 Rd8 29. Qb3 Qf3 0-1

[Event "NAYCC U12"]
[Site "Montreal CAN"]
[Date "2010.08.19"]
[Round "7"]
[White "Fay, Zachary"]
[Black "Ponomarev, Alexander"]
[Result "0-1"]
[WhiteElo "969"]
[BlackElo "911"]
[PlyCount "94"]
[EventDate "2010.08.16"]
[EventType "swiss"]
[EventRounds "7"]
[EventCountry "CAN"]

1. e4 c5 2. Nf3 d6 3. Bc4 Nf6 4. Nc3 g6 5. Ng5 e6 6. d3 Bg7 7. Nf3 O-O 8. Bg5
Bd7 9. Nb5 Bxb5 10. Bxb5 Qa5+ 11. Qd2 Qxb5 12. Qc3 Nxe4 13. Qa3 Bxb2 14. Rb1
Bc3+ 15. Bd2 Qxb1+ 16. Ke2 Qxh1 17. Bxc3 Nxc3+ 18. Qxc3 Qxg2 19. Qb3 b6 20. Qc3
Nd7 21. d4 Qg4 22. dxc5 dxc5 23. Qd3 Ne5 24. h3 Qxf3+ 25. Qxf3 Nxf3 26. Kxf3
Rfd8 27. Ke4 Rd2 28. f4 Rxc2 29. h4 Rxa2 30. Kf3 Kg7 31. Kg4 Ra4 32. h5 gxh5+
33. Kg5 h4 34. Kxh4 Rxf4+ 35. Kg5 a5 36. Kxf4 a4 37. Ke5 a3 38. Kd6 a2 39. Kc6
a1=Q 40. Kxb6 Rd8 41. Kc6 Qa6+ 42. Kxc5 Qd6+ 43. Kc4 Qc7+ 44. Kb5 Rb8+ 45. Ka6
Qc1 46. Ka7 Rb2 47. Ka6 Qa1# 0-1

[Event "NAYCC U12"]
[Site "Montreal CAN"]
[Date "2010.08.19"]
[Round "7"]
[White "Kubrynski, Simon"]
[Black "Budaghyan, David"]
[Result "1-0"]
[WhiteElo "962"]
[BlackElo "877"]
[PlyCount "105"]
[EventDate "2010.08.16"]
[EventType "swiss"]
[EventRounds "7"]
[EventCountry "CAN"]

1. e4 c5 2. Nf3 Nc6 3. Nc3 g6 4. Bc4 Nf6 5. Ng5 e6 6. O-O h6 7. Nf3 Nd4 8. Nxd4
cxd4 9. Ne2 d5 10. exd5 exd5 11. Bb5+ Bd7 12. Nxd4 Bxb5 13. Nxb5 a6 14. Nc3 Be7
15. b3 O-O 16. Re1 Rc8 17. Bb2 Re8 18. Na4 b5 19. Nc3 b4 20. Ne2 Qc7 21. c3 a5
22. cxb4 axb4 23. Rc1 Qd6 24. Rxc8 Rxc8 25. Nd4 Ra8 26. a4 bxa3 27. Nb5 Qd7 28.
Qa1 Ne4 29. Nxa3 Nxd2 30. Qc1 Bg5 31. Qc3 d4 32. Qxd4 Qxd4 33. Bxd4 Nxb3 34.
Bb2 f5 35. Nc4 Kf7 36. Nd6+ Kf8 37. h3 Be7 38. Nc4 Re8 39. Ne5 Kg7 40. Ng4+ Kh7
41. Nf6+ Bxf6 42. Rxe8 Bxb2 43. Rb8 Bd4 44. Rxb3 g5 45. Kh2 Bxf2 46. Rf3 Bb6
47. Rxf5 Bc7+ 48. g3 Kg6 49. Rc5 Bb8 50. Rc6+ Kh5 51. Kg2 Ba7 52. g4+ Kh4 53.
Rxh6# 1-0

[Event "NAYCC U12"]
[Site "Montreal CAN"]
[Date "2010.08.19"]
[Round "7"]
[White "Li, George"]
[Black "Shi, Diwen"]
[Result "0-1"]
[WhiteElo "1177"]
[BlackElo "1577"]
[PlyCount "112"]
[EventDate "2010.08.16"]
[EventType "swiss"]
[EventRounds "7"]
[EventCountry "CAN"]

1. e4 Nf6 2. e5 Nd5 3. c4 Nb6 4. d4 d6 5. exd6 cxd6 6. Nc3 Bf5 7. Qf3 Bd7 8. c5
dxc5 9. dxc5 Bc6 10. Bb5 N6d7 11. Qe3 Bxb5 12. Nxb5 Qa5+ 13. Nc3 Qxc5 14. Nf3
Nc6 15. O-O g6 16. Re1 Bg7 17. Ng5 h6 18. Nf3 O-O 19. h3 Rac8 20. Qxc5 Nxc5 21.
Re3 e6 22. Bd2 Rfd8 23. Rae1 a6 24. a3 Nd4 25. Nxd4 Bxd4 26. Rf3 Bg7 27. Be3
Nd3 28. Rb1 b5 29. Ne4 f5 30. Nc3 Nxb2 31. Rxb2 Rxc3 32. Ra2 Be5 33. g3 g5 34.
Kg2 g4 35. hxg4 fxg4 36. a4 gxf3+ 37. Kxf3 Bd4 38. Rd2 Rf8+ 39. Ke4 Bxe3 40.
fxe3 Rc4+ 41. Ke5 Rxa4 42. Kxe6 Re4+ 43. Kd5 Rd8+ 44. Kxe4 Rxd2 45. Kf5 b4 46.
e4 b3 47. g4 b2 48. g5 hxg5 49. e5 b1=R 50. e6 Re1 51. Kf6 Rde2 52. e7 Rxe7 53.
Kg6 R7e5 54. Kf6 g4 55. Kg6 Rf1 56. Kh6 Rf6# 0-1

[Event "NAYCC U12"]
[Site "Montreal CAN"]
[Date "2010.08.19"]
[Round "7"]
[White "Lim, Matthew"]
[Black "Song, Terry"]
[Result "0-1"]
[WhiteElo "1537"]
[BlackElo "939"]
[PlyCount "90"]
[EventDate "2010.08.16"]
[EventType "swiss"]
[EventRounds "7"]
[EventCountry "CAN"]

1. d4 Nf6 2. c4 c5 3. d5 b5 4. cxb5 a6 5. bxa6 g6 6. Nc3 Bxa6 7. e4 Bxf1 8.
Kxf1 d6 9. g3 Bg7 10. Kg2 O-O 11. h3 Nbd7 12. Nf3 Qb6 13. Qc2 Rfb8 14. a3 Qb7
15. Rb1 Ne8 16. Bd2 Ne5 17. Nxe5 Bxe5 18. b4 Qc7 19. Rb3 c4 20. Rb2 Rxa3 21.
Ra2 Rxa2 22. Nxa2 c3 23. Bxc3 Bxc3 24. Nxc3 Rxb4 25. Ra1 Nf6 26. f3 Rc4 27. Ra3
Kg7 28. g4 Nd7 29. Qb2 f6 30. Qa1 Qc5 31. Kg3 Ne5 32. Na4 Qb4 33. Qb2 Qe1+ 34.
Qf2 Qa5 35. Qa2 g5 36. Kg2 Qe1 37. Qf2 Qc1 38. Ra2 Nd3 39. Qf1 Nf4+ 40. Kg1
Nxh3+ 41. Kg2 Nf4+ 42. Kg1 Qe3+ 43. Kh2 Rc1 44. Qf2 Qb3 45. Qb2 Qd1 0-1

[Event "NAYCC U12"]
[Site "Montreal CAN"]
[Date "2010.08.19"]
[Round "7"]
[White "Liu, Yu Qing"]
[Black "Li, Yinshi"]
[Result "1/2-1/2"]
[WhiteElo "1173"]
[BlackElo "1634"]
[PlyCount "67"]
[EventDate "2010.08.16"]
[EventType "swiss"]
[EventRounds "7"]
[EventCountry "CAN"]

1. e4 e6 2. Nf3 d5 3. exd5 exd5 4. Nc3 Nf6 5. d4 Be7 6. Bf4 c6 7. Bd3 O-O 8.
O-O Bg4 9. h3 Bh5 10. Be2 Bd6 11. Bg5 h6 12. Bh4 Nbd7 13. Re1 Qc7 14. Qd2 Rfe8
15. Nd1 Re6 16. Ne3 Bf4 17. Bd1 Rae8 18. Qd3 Bxe3 19. Rxe3 Rxe3 20. fxe3 Ne4
21. Nd2 Bxd1 22. Rxd1 Ndf6 23. Bxf6 Nxf6 24. Re1 Qg3 25. Re2 Ne4 26. Nxe4 Rxe4
27. b3 f5 28. c4 f4 29. cxd5 cxd5 30. Qb5 f3 31. Qxd5+ Kh8 32. Qxe4 fxe2 33.
Qe8+ Kh7 34. Qe4+ 1/2-1/2

[Event "NAYCC U12"]
[Site "Montreal CAN"]
[Date "2010.08.19"]
[Round "7"]
[White "McCleary, Reuben"]
[Black "Cormier, Jonathan"]
[Result "1-0"]
[WhiteElo "1630"]
[BlackElo "900"]
[PlyCount "49"]
[EventDate "2010.08.16"]
[EventType "swiss"]
[EventRounds "7"]
[EventCountry "CAN"]

1. d4 Nf6 2. Nf3 d5 3. Bf4 e6 4. e3 Bd6 5. Bxd6 Qxd6 6. Nbd2 O-O 7. Ne5 Nbd7 8.
f4 Qb6 9. Rb1 Nxe5 10. fxe5 Ne4 11. Bd3 Bd7 12. Nxe4 dxe4 13. Bxe4 Qa5+ 14. c3
Qxa2 15. Qc2 Qa6 16. Bxh7+ Kh8 17. Bd3 Bb5 18. c4 Ba4 19. Qf2 g6 20. Qf6+ Kg8
21. O-O Rfd8 22. Bxg6 fxg6 23. Qxg6+ Kh8 24. Rf7 Bc2 25. Qg7# 1-0

[Event "NAYCC U12"]
[Site "Montreal CAN"]
[Date "2010.08.19"]
[Round "7"]
[White "Song, Edward"]
[Black "Chen, Michael"]
[Result "0-1"]
[WhiteElo "1850"]
[BlackElo "2015"]
[PlyCount "58"]
[EventDate "2010.08.16"]
[EventType "swiss"]
[EventRounds "7"]
[EventCountry "CAN"]

1. e4 e5 2. Nf3 Nc6 3. Bc4 Bc5 4. O-O Nf6 5. d3 h6 6. Nc3 O-O 7. h3 d6 8. Be3
Bb6 9. Qd2 Be6 10. Bb3 Nd4 11. Bxd4 exd4 12. Ne2 c5 13. Bxe6 fxe6 14. Nh2 Bc7
15. f4 e5 16. fxe5 dxe5 17. Ng3 Qe8 18. Nf5 Bd8 19. Rf3 Nh5 20. Raf1 Bg5 21.
Qa5 b6 22. Qa6 Nf4 23. Ng4 h5 24. Nh2 g6 25. Qc4+ Kh7 26. Ng3 Qc6 27. b4 h4 28.
Nh1 Ne2+ 29. Kf2 Ng3 0-1

[Event "NAYCC U12"]
[Site "Montreal CAN"]
[Date "2010.08.19"]
[Round "7"]
[White "Williams, Justus"]
[Black "Song, Michael"]
[Result "0-1"]
[WhiteElo "2167"]
[BlackElo "1945"]
[PlyCount "58"]
[EventDate "2010.08.16"]
[EventType "swiss"]
[EventRounds "7"]
[EventCountry "CAN"]

1. Nf3 d5 2. c4 d4 3. e3 c5 4. b4 Bg4 5. Qa4+ Qd7 6. b5 Bxf3 7. gxf3 e5 8. Bg2
Nf6 9. Ba3 Be7 10. f4 exf4 11. exd4 cxd4 12. Bxe7 Kxe7 13. Qa3+ Kd8 14. Qf3
Qe6+ 15. Kd1 Nbd7 16. Qd3 Rc8 17. Bxb7 Qxc4 18. Qxc4 Rxc4 19. Rg1 g6 20. Bh1
Re8 21. d3 Rc5 22. a4 Ne5 23. Kd2 Nfg4 24. Rc1 Rxc1 25. Kxc1 Nxf2 26. Be4
Nexd3+ 27. Bxd3 Nxd3+ 28. Kd2 Nc5 29. Ra3 Re3 0-1

[Event "NAYCC U12"]
[Site "Montreal CAN"]
[Date "2010.08.19"]
[Round "7"]
[White "Zhu, Hong Rui"]
[Black "Colas, Joshua"]
[Result "1-0"]
[WhiteElo "1923"]
[BlackElo "2087"]
[PlyCount "127"]
[EventDate "2010.08.16"]
[EventType "swiss"]
[EventRounds "7"]
[EventCountry "CAN"]

1. e4 c5 2. Nf3 e6 3. d4 a6 4. c3 d5 5. e5 Nc6 6. a3 Nge7 7. Bd3 c4 8. Bc2 Bd7
9. Nbd2 Qc7 10. O-O h6 11. Re1 O-O-O 12. b4 Na7 13. a4 b5 14. axb5 Bxb5 15. Nf1
Nec6 16. Be3 Be7 17. N3d2 Kd7 18. Kh1 Rdg8 19. f4 g6 20. Nf3 g5 21. f5 g4 22.
Ng1 h5 23. f6 Bd8 24. Qd2 h4 25. Bh6 Qb8 26. Bg7 Rh5 27. Ne2 Rxg7 28. fxg7 Rg5
29. Bh7 Rxg7 30. Qh6 Rg5 31. Qf8 Be7 32. Qxf7 Qh8 33. Bc2 h3 34. g3 Rg7 35. Qf2
Nd8 36. Ne3 Kc6 37. Nf4 Kb7 38. Qe2 Be8 39. Rf1 Nb5 40. Qd2 Nc7 41. Bd1 Nf7 42.
Bxg4 Ng5 43. Bf3 Qh7 44. Qc2 Qxc2 45. Nxc2 Nb5 46. Ne3 Nxc3 47. Nxc4 Bxb4 48.
Nd6+ Bxd6 49. exd6 Bb5 50. Rfc1 Nxf3 51. Rxc3 Nxd4 52. Rd1 e5 53. Nxd5 Bc6 54.
Rb1+ Nb5 55. Rc5 Rd7 56. Kg1 Rxd6 57. Nb4 Be4 58. Re1 Bg2 59. Rcxe5 Nd4 60.
Re7+ Kb6 61. Rb1 Nf3+ 62. Kf2 Ka5 63. Rb7 Ka4 64. Nd5 1-0

[Event "NAYCC U12 w"]
[Site "Montreal CAN"]
[Date "2010.08.16"]
[Round "1"]
[White "Amirshadova, Victoria"]
[Black "Virkud, Apurva"]
[Result "0-1"]
[WhiteElo "619"]
[BlackElo "1828"]
[PlyCount "80"]
[EventDate "2010.08.16"]
[EventType "swiss"]
[EventRounds "7"]
[EventCountry "CAN"]

1. e4 c5 2. Nf3 d6 3. Nc3 Nf6 4. Be2 e6 5. d4 cxd4 6. Nxd4 Be7 7. Qd3 O-O 8.
Be3 Nc6 9. Nf3 Nb4 10. Qd2 Nc6 11. O-O-O a6 12. h4 Ng4 13. h5 Nxe3 14. Qxe3 h6
15. Rh3 Bf6 16. Rd3 Nb4 17. Rd1 Qc7 18. Rg3 Kh8 19. Rh1 b5 20. Rgh3 Qa5 21. g4
Nxa2+ 22. Nxa2 Qxa2 23. g5 Qxb2+ 24. Kd2 Qb4+ 25. Kd1 Bc3 26. Nd2 Bxd2 27. Qxd2
Qxd2+ 28. Kxd2 Bb7 29. Rg1 Bxe4 30. gxh6 gxh6 31. Re3 Bf5 32. Bf3 Rac8 33. c3
d5 34. Bg4 Rg8 35. f3 Rc4 36. Ree1 Bxg4 37. fxg4 Rcxg4 38. Rxg4 Rxg4 39. Rf1
Kg7 40. Ra1 Ra4 0-1